| 000 | 00715nam a2200205Ia 4500 | ||
|---|---|---|---|
| 999 |
_c14109 _d14109 |
||
| 082 | _aTK.0250 | ||
| 100 | _aKakde, V.T. | ||
| 245 | 0 | _aFemale figure in the art of Ajanta, Ellora and Elephanta Caves | |
| 260 |
_c1979 _bNagpur University |
||
| 300 | _a189p. + C D - 46 | ||
| 650 | _aCAVES///AJANTA, ELLORA AND ELEPHANTA CAVES | ||
| 650 | _aINDIA - HISTORY///AJANTA, ELLORA AND ELEPHANTA CAVES | ||
| 650 | _aFEMININE BEAUTY (AESTHETICS) | ||
| 650 | _aWOMEN IN ART | ||
| 650 | _aELLORA AND ELEPHANTA CAVES//AJANTA, ELLORA AND ELEPHANTA CAVES | ||
| 650 | _aAJANTA, ELLORA AND ELEPHANTA CAVES | ||
| 650 | _aIDEAL BEAUTIFUL WOMEN//FEMININE BEAUTY (AESTHETICS) | ||
| 710 | _aDeglurkar, G.B. | ||
| 942 |
_cTH _2ddc |
||